| 000 | 00390nam a2200157Ia 4500 | ||
|---|---|---|---|
| 008 | 151213s9999 xx 000 0 und d | ||
| 100 | _aEgberts. Oliver | ||
| 245 |
_aAmerican Literature _cEgberts. Oliver |
||
| 250 | _a1st | ||
| 260 |
_aNew Delhi _bS. Chand & Co. _c1971 |
||
| 300 | _a4306 p. | ||
| 650 | _aLiterature | ||
| 650 | _aLiterature | ||
| 700 | _aEgberts. Oliver | ||
| 999 |
_c2720 _d2720 |
||